Normal view
MARC view
- TE-43-A
Entry Geographic Name
001 - CONTROL NUMBER
- control field: 131420
003 - CONTROL NUMBER IDENTIFIER
- control field: NUST
005 - DATE AND TIME OF LATEST TRANSACTION
- control field: 20251022121721.0
008 - FIXED-LENGTH DATA ELEMENTS
- fixed length control field: 251022|| aca||aabn | a|a d
040 ## - CATALOGING SOURCE
- Original cataloging agency: NUST
- Transcribing agency: NUST
151 ## - HEADING--GEOGRAPHIC NAME
- Geographic name: TE-43-A
670 ## - SOURCE DATA FOUND
- Source citation: Work cat.: (NUST)188613: Sabzwari, Major Syed Munir Hussain (TE-43-A) 131419, Security management using fingerprint verification /, June 2010
